[Event "Barranquilla Region-ch"]
[Site "Barranquilla"]
[Date "2020.01.04"]
[Round "1"]
[White "Rodriguez Munoz, Robinson"]
[Black "Orozco, Luis Jose"]
[Result "0-1"]
[WhiteElo "1256"]
[BlackElo "1700"]
[PlyCount "42"]
[EventDate "2020.01.04"]
[EventType "swiss"]
[EventRounds "6"]
[EventCountry "COL"]
[SourceTitle "CBM 194 Extra"]
[Source "ChessBase"]
[SourceDate "2020.03.31"]
[SourceVersion "1"]
[SourceVersionDate "2020.03.31"]
[SourceQuality "1"]

1. d4 e6 2. Nf3 d5 3. Nc3 f5 4. Bf4 c6 5. e3 Nf6 6. Bd3 Bb4 7. 0-0 0-0 8. Be5 Nbd7 9. Ng5 Qe7 10. Qf3 Ng4 11. Qh3 Qxg5 12. f3 Qxe3+ 13. Kh1 Ngxe5 14. dxe5 Nxe5 15. g4 Bxc3 16. bxc3 Bd7 17. Rad1 Qc5 18. gxf5 exf5 19. f4 Nc4 20. Qg2 Rf7 21. Rf3 Qd6 0-1